Terraria NPCs - Statistics

General Stats
  • This quiz has been taken 401 times
  • The average score is 25 of 40
Answer Stats
Answer % Correct
Guide
99%
Merchant
94%
Nurse
89%
Dryad
87%
Goblin Tinkerer
87%
Mechanic
84%
Arms Dealer
82%
Demolitionist
82%
Angler
78%
Santa Claus
76%
Cyborg
75%
Party Girl
75%
Princess
75%
Town Cat
75%
Town Dog
75%
Witch Doctor
75%
Wizard
73%
Clothier
72%
Steampunker
72%
Painter
71%
Traveling Merchant
69%
Tax Collector
68%
Zoologist
67%
Dye Trader
66%
Pirate
66%
Stylist
65%
Golfer
64%
Skeleton Merchant
64%
Tavernkeep
61%
Truffle
58%
Old Man
54%
Town Bunny
45%
Nerdy Slime
35%
Cool Slime
34%
Clumsy Slime
25%
Elder Slime
19%
Diva Slime
17%
Squire Slime
17%
Surly Slime
17%
Mystic Slime
16%
No matching quizzes found
Score Distribution
Percent of People with Each Score
Percentile by Number Answered
Your Score History
You have not taken this quiz